| 000 -LEADER |
| fixed length control field |
01983cam a22004217a 4500 |
| 001 - CONTROL NUMBER |
| control field |
15907656 |
| 003 - CONTROL NUMBER IDENTIFIER |
| control field |
Nust |
| 005 - DATE AND TIME OF LATEST TRANSACTION |
| control field |
20210907113022.0 |
| 008 - FIXED-LENGTH DATA ELEMENTS--GENERAL INFORMATION |
| fixed length control field |
090916s2009 gw a b 101 0 eng d |
| 010 ## - LIBRARY OF CONGRESS CONTROL NUMBER |
| LC control number |
2009937150 |
| 020 ## - INTERNATIONAL STANDARD BOOK NUMBER |
| International Standard Book Number |
9783642261084 |
| 035 ## - SYSTEM CONTROL NUMBER |
| System control number |
(OCoLC)ocn436030848 |
| 038 ## - RECORD CONTENT LICENSOR |
| Staff Name |
khadija |
| 040 ## - CATALOGING SOURCE |
| Original cataloging agency |
BTCTA |
| Transcribing agency |
BTCTA |
| Modifying agency |
OHX |
| -- |
BWX |
| -- |
UUM |
| -- |
YDXCP |
| -- |
MUU |
| -- |
DLC |
| 042 ## - AUTHENTICATION CODE |
| Authentication code |
lccopycat |
| 050 00 - LIBRARY OF CONGRESS CALL NUMBER |
| Classification number |
QA76.87 |
| Item number |
.C6823 2009 |
| 082 ## - DEWEY DECIMAL CLASSIFICATION NUMBER |
| Classification number |
006.32 |
| Author Mark |
CON |
| 100 ## - MAIN ENTRY--PERSONAL NAME |
| Personal name |
Leonardo Franco. |
| 9 (RLIN) |
82226 |
| 245 00 - TITLE STATEMENT |
| Title |
Constructive neural networks / |
| Statement of responsibility, etc. |
Leonardo Franco, David A. Elizondo, and José M. Jerez (eds.) |
| 260 ## - PUBLICATION, DISTRIBUTION, ETC. |
| Place of publication, distribution, etc. |
Berlin : |
| Name of publisher, distributor, etc. |
Springer, |
| Date of publication, distribution, etc. |
c2009. |
| 300 ## - PHYSICAL DESCRIPTION |
| Extent |
viii, 291 p. : |
| Other physical details |
ill. ; |
| Dimensions |
25 cm. |
| 490 1# - SERIES STATEMENT |
| Series statement |
Studies in computational intelligence ; |
| Volume/sequential designation |
v. 258 |
| 504 ## - BIBLIOGRAPHY, ETC. NOTE |
| Bibliography, etc. note |
Includes bibliographical references and index. |
| 520 ## - SUMMARY, ETC. |
| Summary, etc. |
"This book presents a collection of invited works that consider constructive methods for neural networks, taken primarily from papers presented at a special session held during the 18th International Conference on Artificial Neural Networks (ICANN 2008) in September 2008 in Prague, Czech Republic."--Pref. |
| 563 ## - BINDING INFORMATION |
| Binding note |
paperback |
| 650 #0 - SUBJECT ADDED ENTRY--TOPICAL TERM |
| Topical term or geographic name entry element |
Neural networks (Computer science) |
| 9 (RLIN) |
18586 |
| 700 1# - ADDED ENTRY--PERSONAL NAME |
| Personal name |
Franco, Leonardo, |
| Titles and other words associated with a name |
Ph.D. |
| 9 (RLIN) |
82227 |
| 700 1# - ADDED ENTRY--PERSONAL NAME |
| Personal name |
Elizondo, David A. |
| 9 (RLIN) |
82228 |
| 700 1# - ADDED ENTRY--PERSONAL NAME |
| Personal name |
Jerez, José M. |
| 9 (RLIN) |
82229 |
| 711 2# - ADDED ENTRY--MEETING NAME |
| Meeting name or jurisdiction name as entry element |
International Conference on Artificial Neural Networks (European Neural Network Society) |
| Number of part/section/meeting |
(18th : |
| Date of meeting |
2008 : |
| Location of meeting |
Prague) |
| 9 (RLIN) |
82230 |
| 830 #0 - SERIES ADDED ENTRY--UNIFORM TITLE |
| Uniform title |
Studies in computational intelligence ; |
| Volume/sequential designation |
v. 258. |
| 9 (RLIN) |
81268 |
| 856 42 - ELECTRONIC LOCATION AND ACCESS |
| Materials specified |
Publisher description |
| Uniform Resource Identifier |
<a href="http://www.loc.gov/catdir/enhancements/fy1109/2009937150-d.html">http://www.loc.gov/catdir/enhancements/fy1109/2009937150-d.html</a> |
| 856 41 - ELECTRONIC LOCATION AND ACCESS |
| Materials specified |
Table of contents only |
| Uniform Resource Identifier |
<a href="http://www.loc.gov/catdir/enhancements/fy1109/2009937150-t.html">http://www.loc.gov/catdir/enhancements/fy1109/2009937150-t.html</a> |
| 906 ## - LOCAL DATA ELEMENT F, LDF (RLIN) |
| a |
7 |
| b |
cbc |
| c |
copycat |
| d |
2 |
| e |
ncip |
| f |
20 |
| g |
y-gencatlg |
| 942 ## - ADDED ENTRY ELEMENTS (KOHA) |
| Source of classification or shelving scheme |
|
| Koha item type |
Book |